00311nam a2200109Ia 4500008004100000082000800041100002200049245001000071942000600081952009900087999001500186240331s9999 xx 000 0 und d bNIK aPalanisamy, K. ed 0aNIkal cL 001040708LaWERCLbWERCLcSSCd2024-03-31l0o 894.811 NIKp1590r2024-03-31w2024-03-31yL c4088d4088